23 - Municipios de Jaén - Estadísticas

Estadísticas generales
  • Esta prueba ha sido intentada 6.832 veces
  • La puntuación promedio es 54 de 113
Respuestas en el mapa
Las respuestas están codificadas por una escala verde-roja en el mapa de la prueba según el % correcto abajo.
 
Estadísticas de respuestas
Respuesta % Correcto
Jaén
95%
Úbeda
92%
Baeza
90%
Cazorla
90%
Linares
90%
Andújar
85%
Martos
77%
Bailén
74%
La Carolina
73%
Torredonjimeno
73%
Guarromán
71%
Alcalá la Real
68%
Torredelcampo
66%
Mancha Real
62%
Segura de la Sierra
61%
Arjona
59%
Alcaudete
58%
Jódar
58%
Torreperogil
58%
Mengíbar
57%
Villanueva del Arzobispo
57%
Arjonilla
56%
Huelma
56%
Marmolejo
56%
Santiago de Calatrava
56%
Villacarrillo
56%
Porcuna
55%
Quesada
55%
Rus
55%
Lopera
52%
Vilches
52%
Baños de la Encina
51%
Beas de Segura
51%
La Guardia de Jaén
49%
Torreblascopedro
49%
Torres
49%
Los Villares
48%
Santa Elena
48%
Villanueva de la Reina
48%
Canena
47%
Navas de San Juán
47%
Sabiote
47%
Valdepeñas de Jaén
47%
Castillo de Locubín
46%
Ibros
45%
Jimena
45%
Orcera
45%
Jamilena
43%
Noalejo
43%
Peal de Becerro
43%
Campillo de Arenas
42%
Fuensanta de Martos
42%
La Iruela
42%
Aldeaquemada
41%
Bedmar y Garciéz
41%
Espeluy
41%
Huesa
41%
Pozo Alcón
41%
Begíjar
40%
Cabra de Santo Cristo
40%
Hornos
40%
Iznatoraf
40%
Jabalquinto
40%
Pegalajar
40%
Siles
40%
Bélmez de la Moraleda
39%
Cambil
39%
Puente de Génave
38%
Torres de Albánchez
38%
Arquillos
37%
Santisteban del Puerto
37%
Albánchez de Mágina
35%
Castellar
35%
Carboneros
34%
Frailes
34%
Lahiguera
34%
Lupión
34%
Santo Tomé
34%
Chiclana de Segura
33%
La Puerta de Segura
33%
Santiago-Pontones
33%
Fuerte del Rey
32%
Larva
32%
Génave
31%
Sorihuela de Guadilimar
31%
Escañuela
29%
Arroyo del Ojanco
28%
Chilluévar
28%
Higuera de Calatrava
28%
Benatae
27%
Montizón
27%
Villatorres
27%
Cazalilla
26%
Villardompardo
26%
Villarodrigo
26%
Cárcheles
24%
Hinojares
21%
Torres de Albánchez
19%
Peal de Becerro
7%
No se encontraron pruebas coincidentes
Distribución de puntuación
Porcentaje de gente con cada puntuación
Porcentaje por número respondido
Historial de tus puntuaciones
No has intentado esta prueba.